• 首页
  • 本馆介绍
  • 公告通知
  • 最新文献
  • 馆藏检索
  • 电子资源
  • 读者导购
  • 参考咨询
  • 我的图书馆
  • 登录
  • 详细信息显示
  • 放入我的书架
  • 预约/预借图书
  • 作者相关作品
  • 分类相关作品
  • 丛书相关作品
  • 出版社相关作品

书目信息

  • 表格格式
  • 工作单格式
  • 卡片格式
题名:
寻求与科学相容的生活信念
    
 
作者: 刘钝 , 曹效业 主编
分册:  
出版信息: 北京   科学出版社  2011
页数: 481页
开本: 24cm
丛书名:
单 册:
中图分类: N02-53
科图分类:
主题词: 科学哲学--Ke Xue Zhe Xue--文集
电子资源:
ISBN: 978-7-03-029826-3
000 01022nam0 22002531 450
001 349948
005 20161010155209.87
010    @a978-7-03-029826-3@dCNY62.00
100    @a20110318d2011 em y0chiy50 ea
101 0  @achi
102    @aCN@b110000
105    @ay z 000yy
106    @ar
200 1  @a寻求与科学相容的生活信念@AXin Qiu Yu Ke Xue Xiang Rong De Sheng Huo Xin Nian@e《科学文化评论》译文精选(2004-2008)@f刘钝,曹效业主编
210    @a北京@c科学出版社@d2011
215    @a481页@d24cm
330    @a本书分成“科技史”、“科技与社会”、“科学与人文”、“人物·事件”四大板块,涉及历史上科学技术的发展及其与社会进步的关系、科学与人文的冲突及相互制衡、重要的人物或事件。
517 1  @a《科学文化评论》译文精选(2004-2008)@AKe Xue Wen Hua Ping Lun Yi Wen Jing Xuan (2004-2008)
606 0  @a科学哲学@AKe Xue Zhe Xue@j文集
690    @aN02-53@v5
701  0 @a刘钝@ALiu Dun@f(1947~)@4主编
701  0 @a曹效业@ACao Xiao Ye@f(1957~)@4主编
801  0 @aCN@bTANGWEI@20160802
905    @b0887565-9@dN02-53@e200@f5
    
    寻求与科学相容的生活信念:《科学文化评论》译文精选(2004-2008)/刘钝,曹效业主编 .-北京:科学出版社,2011
    481页;24cm
    
    
    ISBN 978-7-03-029826-3:CNY62.00
    本书分成“科技史”、“科技与社会”、“科学与人文”、“人物·事件”四大板块,涉及历史上科学技术的发展及其与社会进步的关系、科学与人文的冲突及相互制衡、重要的人物或事件。
●
相关链接 在E读中查询图书 在五车中查询图书 在当当中查询图书 在豆瓣中查询图书


正题名:寻求与科学相容的生活信念     索取号:N02-53/200         预约/预借

序号 登录号 条形码 馆藏地/架位号 状态 备注
1 0887565   208875653   第二样本阅览室/ [索取号:N02-53/200] 在馆    
2 0887566   208875662   第三借阅区/ [索取号:N02-53/200] 在馆    
3 0887567   208875671   第三借阅区/ [索取号:N02-53/200] 在馆    
4 0887568   208875680   第三借阅区/ [索取号:N02-53/200] 在馆    
5 0887569   208875699   第三借阅区/ [索取号:N02-53/200] 在馆    
唐山师范学院图书馆 欢迎您!
大连网信软件有限公司© 版权所有